<?xml version="1.0" encoding="UTF-8"?><?xml-stylesheet type="text/xsl" href="static/style.xsl"?><OAI-PMH xmlns="http://www.openarchives.org/OAI/2.0/" xmlns:xsi="http://www.w3.org/2001/XMLSchema-instance" xsi:schemaLocation="http://www.openarchives.org/OAI/2.0/ http://www.openarchives.org/OAI/2.0/OAI-PMH.xsd"><responseDate>2026-04-17T11:40:28Z</responseDate><request verb="GetRecord" identifier="oai:www.recercat.cat:10256/27002" metadataPrefix="marc">https://recercat.cat/oai/request</request><GetRecord><record><header><identifier>oai:recercat.cat:10256/27002</identifier><datestamp>2025-07-02T11:42:25Z</datestamp><setSpec>com_2072_452955</setSpec><setSpec>com_2072_2054</setSpec><setSpec>col_2072_453067</setSpec></header><metadata><record xmlns="http://www.loc.gov/MARC21/slim" xmlns:dcterms="http://purl.org/dc/terms/" xmlns:xsi="http://www.w3.org/2001/XMLSchema-instance" xmlns:doc="http://www.lyncode.com/xoai" xsi:schemaLocation="http://www.loc.gov/MARC21/slim http://www.loc.gov/standards/marcxml/schema/MARC21slim.xsd">
   <leader>00925njm 22002777a 4500</leader>
   <datafield ind2=" " ind1=" " tag="042">
      <subfield code="a">dc</subfield>
   </datafield>
   <datafield ind2=" " ind1=" " tag="720">
      <subfield code="a">Cerda Costabal, José Manuel</subfield>
      <subfield code="e">author</subfield>
   </datafield>
   <datafield ind2=" " ind1=" " tag="720">
      <subfield code="a">Boto Varela, Gerardo</subfield>
      <subfield code="e">author</subfield>
   </datafield>
   <datafield ind2=" " ind1=" " tag="260">
      <subfield code="c">2021</subfield>
   </datafield>
   <datafield ind2=" " ind1=" " tag="520">
      <subfield code="a">This work elucidates in what way and with what intention Queen Leonor Plantagenet included her very own and singular signo rodado or diplomatic seal on two parchments of 1179. This decision to draw signos rodados on queenly documents was unprecedented in the Spanish kingdoms as in other European monarchies. Leonor was also the first queen consort to have a chancellery different and autonomous from that of the king. This study discerns the faculty of political representation performed by the signo rodado used by Leonor: a hand located in the centre of a circle and surrounded by the textual title of queen of Toledo and Castile. What does this hand mean and represent? What message and personal resemblance did Leonor's chancellery try to project concerning her power and authority in issuing these documents? Our historical and artistic analysis suggests a proposal for understanding the corroborative nature of the signo rodado, the political and symbolic intentions, as well as the visual rhetoric that converged into the making of the manus, a political image in the authorisation of documents which would respond to four dimensions and meanings of the exercise of royal power: literal ("manuscript"), authority ("mandate"), economic ("maintenance") and acclaiming ("manifestation")</subfield>
   </datafield>
   <datafield ind2=" " ind1=" " tag="520">
      <subfield code="a">Este trabajo dilucida de qué modo y con qué intención la reina Leonor Plantagenet incluyó un signo rodado o sello diplomático, propio y singular, en dos pergaminos de 1179. Esta decisión de trazar en documentos signos rodados reginales no tenía precedentes en los reinos hispanos ni en otras soberanías europeas. Leonor fue también la primera reina consorte que dispuso de una cancillería reginal distinta y autónoma de la del rey. Este estudio discierne la facultad de representación política desempeñada por&#xd;
el signo rodado empleado por Leonor: una mano situada en el centro de un círculo y rodeada por la intitulación textual de reina de Toledo y Castilla. ¿Qué significa y representa esta mano? ¿Qué mensaje y semblante pretendió proyectar la cancillería de Leonor con respecto a su poder y autoridad en la emisión de estos documentos? Nuestro análisis histórico y artístico formula una propuesta de comprensión de la naturaleza corroborativa del signo rodado, de las intenciones políticas y simbólicas, así como de la retórica visual que confluyeron en la confección de la manus, imagen política en la autorización de documentos, que respondería a cuatro&#xd;
dimensiones y sentidos del ejercicio del poder monárquico: literal (“manuscrito”), autoridad (“mandato”), económico (“manutención”) y aclamadora (“manifestación”)</subfield>
   </datafield>
   <datafield ind1="8" ind2=" " tag="024">
      <subfield code="a">http://hdl.handle.net/10256/27002</subfield>
   </datafield>
   <datafield tag="653" ind2=" " ind1=" ">
      <subfield code="a">Escriptura -- Història</subfield>
   </datafield>
   <datafield tag="653" ind2=" " ind1=" ">
      <subfield code="a">Writing -- History</subfield>
   </datafield>
   <datafield tag="653" ind2=" " ind1=" ">
      <subfield code="a">Plantagenet, Leonor, 1160-1214</subfield>
   </datafield>
   <datafield ind2="0" ind1="0" tag="245">
      <subfield code="a">Propria manu cartam hanc roboro et confirmo. La mano en el signo rodado de la reina Leonor Plantagenet</subfield>
   </datafield>
</record></metadata></record></GetRecord></OAI-PMH>